000 00589nam a22002417a 4500
003 UA-OsUOA
001 133255
007 ta
008 20181011b un ||||| |||| 00| 0 ukr d
100 _aШестов Л.
090 _a140.8
_bШ52
942 _cBK
040 _aUA-OsUOA
_brus
_cUA-OsUOA
_dUA-OsUOA
245 _aИзбранные сочинения
300 _a512 с.
955 _a1
041 _arus
080 _a140.8
020 _a5-8396-0094-6
260 _aМ.
_bРенессанс
_c1993
650 7 _a1 Філософські науки
_2UDC
999 _c421503
_d421503